Euphoria Characters - Statistics

General Stats
  • This quiz has been taken 654 times
  • The average score is 12 of 18
Answer Stats
Picture Answer % Correct
Ruby "Rue" Bennett
98%
Madeleine "Maddy" Perez
96%
Nathaniel "Nate" Jacobs
96%
Cassandra "Cassie" Howard
95%
Jules Vaughn
91%
Fezco "Fez" O'Neill
90%
Katherine "Kat" Hernandez
88%
Alexandra "Lexi" Howard
79%
Ashtray O'Neill
67%
Christopher "Chris" McKay
59%
Georgia "Gia" Bennett
54%
Cal Jacobs
52%
Elliot
52%
Ethan Daley
45%
Ali Muhammed
41%
Faye
39%
Tyler Clarkson
33%
Leslie Bennett
23%
No matching quizzes found
Score Distribution
Percent of People with Each Score
Percentile by Number Answered
Your Score History
You have not taken this quiz